| 000 | 00722nam a22002537a 4500 | ||
|---|---|---|---|
| 003 | CBULib | ||
| 005 | 20260113092558.0 | ||
| 008 | 260113b |||||||| |||| 00| 0 eng d | ||
| 020 | _a9781509851744 | ||
| 040 |
_bEnglish _cCBULib _dCBULib _erda |
||
| 041 | _aeng | ||
| 050 | _aF 116 Sta | ||
| 100 |
_95170 _aStanton, Brandon |
||
| 245 |
_aHumans _c/ by Brandon Stanton |
||
| 260 |
_aLondon: _bMacmillan, _c2020 |
||
| 300 | _a437 pages : illustrations | ||
| 336 |
_2rdacontent _aText | _btxt |
||
| 337 |
_2rdamedia _aUnmediated | _bn |
||
| 338 |
_2rdacarrier _aVolume _bnc |
||
| 650 | 0 |
_2Worldcat _95168 _bCARING |
|
| 650 | 0 |
_2Worldcat _95169 _aHUMAN BEINGS |
|
| 650 | 0 |
_2Worldcat _9832 _aCONDUCT OF LIFE |
|
| 942 |
_2lcc _c002 |
||
| 999 |
_c86617 _d86617 |
||